Viceroy : (Record no. 549760)
[ view plain ]
| 000 -LEADER | |
|---|---|
| fixed length control field | 00670cam a2200181 a 4500 |
| 020 ## - INTERNATIONAL STANDARD BOOK NUMBER | |
| International Standard Book Number | 0195776984 |
| 082 00 - DEWEY DECIMAL CLASSIFICATION NUMBER | |
| Classification number | 954 |
| -- | L-NUST, P-23 |
| Author Mark | TIN |
| 100 1# - MAIN ENTRY--PERSONAL NAME | |
| Personal name | Tinker, Hugh. |
| 9 (RLIN) | 46419 |
| 245 10 - TITLE STATEMENT | |
| Title | Viceroy : |
| Remainder of title | Curzon to Mountbatten / |
| Statement of responsibility, etc. | Hugh Tinker. |
| 260 ## - PUBLICATION, DISTRIBUTION, ETC. | |
| Place of publication, distribution, etc. | Karachi ; |
| -- | New York : |
| Name of publisher, distributor, etc. | Oxford University Press, |
| Date of publication, distribution, etc. | 1997. |
| 300 ## - PHYSICAL DESCRIPTION | |
| Extent | xii, 266 p., [12] p. of plates : |
| Other physical details | ill., ports. ; |
| Dimensions | 23 cm. |
| 526 ## - STUDY PROGRAM INFORMATION NOTE | |
| Program name | 0 |
| Interest level | 0 |
| Reading level | 0 |
| Title point value | 954_000000000000000_TIN |
| 650 #0 - SUBJECT ADDED ENTRY--TOPICAL TERM | |
| Topical term or geographic name entry element | Colonial administrators |
| Geographic subdivision | Great Britain |
| General subdivision | Biography. |
| 9 (RLIN) | 46420 |
| 650 #0 - SUBJECT ADDED ENTRY--TOPICAL TERM | |
| Topical term or geographic name entry element | MCE |
| 9 (RLIN) | 379 |
| 650 #0 - SUBJECT ADDED ENTRY--TOPICAL TERM | |
| Topical term or geographic name entry element | Viceroys |
| Geographic subdivision | India |
| General subdivision | Biography. |
| 9 (RLIN) | 46421 |
| 856 42 - ELECTRONIC LOCATION AND ACCESS | |
| Uniform Resource Identifier | <a href="http://www.loc.gov/catdir/enhancements/fy0606/98119252-d.html">http://www.loc.gov/catdir/enhancements/fy0606/98119252-d.html</a> |
| 942 ## - ADDED ENTRY ELEMENTS (KOHA) | |
| Source of classification or shelving scheme | |
| Koha item type | Book |
| Withdrawn status | Lost status | Source of classification or shelving scheme | Damaged status | Not for loan | Permanent Location | Current Location | Date acquired | Total Checkouts | Full call number | Barcode | Date last seen | Date last checked out | Price effective from | Koha item type |
|---|---|---|---|---|---|---|---|---|---|---|---|---|---|---|
| Military College of Engineering (MCE) | Military College of Engineering (MCE) | 10/14/2014 | 1 | 954 TIN | MCE-44229 | 11/06/2018 | 10/04/2018 | 03/14/2021 | Book |
